00957 2200337 4500001002100000005001500021035002000036007000300056040001700059245007100076300003800147020001900185041000800204082001100212084001700223090002300240264003800263336002100301337003000322338002300352650000900375700003900384850001000423008004100433100002800474250001100502500003300513504002900546990002200575990002200597INLIS00000000000875120260518100316 a0010-1022000126ta aSBPUPADbind1 aKopi, Budi Daya Dan Penanganan PascaPanen /cSri Najiyati, Danarti aviii,168 hlm. :bilus. ;c20,5 cm a979-498-071-530 aind a633.73 a633.73 SRI k a676.2 TIM k L21-10 aJakarta :bPenebar Swadaya,c2007 2rdacontentateks 2rdamediaatanpa perantara 2rdacarrieravolume 4aKopi0 aPengarang Ke-2, DanartiePengarang aPUPAD260518 0 0 aSri NajiyatiePengarang acet.16 aTentang Penulis, hlm 166-167 aBibliografi, hlm 164-165 a4962/B/Arpus/2008 a4963/B/ARPUS/2008